<?xml version="1.0" encoding="UTF-8"?>
<record
    xmlns:xsi="http://www.w3.org/2001/XMLSchema-instance"
    xsi:schemaLocation="http://www.loc.gov/MARC21/slim http://www.loc.gov/standards/marcxml/schema/MARC21slim.xsd"
    xmlns="http://www.loc.gov/MARC21/slim">

  <leader>03402nam a2200349 a 4500</leader>
  <controlfield tag="003">OSt</controlfield>
  <controlfield tag="005">20250815111315.0</controlfield>
  <controlfield tag="007">cr ||||||a|a|a</controlfield>
  <controlfield tag="008">250805s2025    mx a|||fom||| 001 0 spa d</controlfield>
  <datafield tag="040" ind1=" " ind2=" ">
    <subfield code="e">rda</subfield>
  </datafield>
  <datafield tag="100" ind1="1" ind2=" ">
    <subfield code="a">Torres M&#xE9;ndez, Yazm&#xED;n</subfield>
    <subfield code="9">190826</subfield>
  </datafield>
  <datafield tag="245" ind1="1" ind2="0">
    <subfield code="a">Resistencia de BidensPilosa en la regi&#xF3;n de Calpulalpan, Tlaxcala a los herbicidas posulfuran Y 2, 4 - D/</subfield>
    <subfield code="c">por Yazm&#xED;n Torres M&#xE9;ndez; director de tesis J. Antoinio Tafoya Razo; secretario Guillermo Mondrag&#xF3;n Pedrero; vocal Oscar Morales Galv&#xE1;n; suplente Amalia P&#xE9;rez Valdez; suplente Jaime Alfredo Urzua Guti&#xE9;rrez.</subfield>
  </datafield>
  <datafield tag="264" ind1=" " ind2="1">
    <subfield code="a">Chapingo, M&#xE9;xico :</subfield>
    <subfield code="b">El autor,</subfield>
    <subfield code="c">2024.</subfield>
  </datafield>
  <datafield tag="300" ind1=" " ind2=" ">
    <subfield code="a">1 recurso en l&#xED;nea (55 p&#xE1;ginas):</subfield>
    <subfield code="b">cuadros, figuras.</subfield>
  </datafield>
  <datafield tag="336" ind1=" " ind2=" ">
    <subfield code="2">rdacontent</subfield>
    <subfield code="a">texto</subfield>
    <subfield code="b">txt</subfield>
  </datafield>
  <datafield tag="337" ind1=" " ind2=" ">
    <subfield code="2">rdamedia</subfield>
    <subfield code="a">computadora</subfield>
    <subfield code="b">c</subfield>
  </datafield>
  <datafield tag="338" ind1=" " ind2=" ">
    <subfield code="2">rdacarrier</subfield>
    <subfield code="a">recurso en l&#xED;nea</subfield>
    <subfield code="b">cr</subfield>
  </datafield>
  <datafield tag="502" ind1=" " ind2=" ">
    <subfield code="b">IAEPA</subfield>
    <subfield code="c">Parasitolog&#xED;a</subfield>
    <subfield code="d">2024.</subfield>
    <subfield code="g">LIC</subfield>
  </datafield>
  <datafield tag="504" ind1=" " ind2=" ">
    <subfield code="a">Incluye referencias bibliogr&#xE1;ficas: p&#xE1;ginas 53-55.</subfield>
  </datafield>
  <datafield tag="520" ind1=" " ind2=" ">
    <subfield code="a">El 2,4-D es uno de los herbicidas m&#xE1;s viejos y a pesar de tener muchos a&#xF1;os de empleo no tiene tantos problemas de resistencia como otros herbicidas. Uno de los grupos de herbicidas que se han registrado con un mayor n&#xFA;mero de especies resistentes son los inhibidores de la ALS; sin embargo, son pocas las especies que se han reconocido resistentes al herbicida Prosulfuron perteneciente a este grupo. En la regi&#xF3;n de Calpulalpan, Tlaxcala, estos herbicidas se han estado empleado continuamente durante d&#xE9;cadas, pero su control ha ido disminuyendo en varias especies de malezas, lo cual se puede deber a que estas especies ya sean resistentes a estos herbicidas. Por esta situaci&#xF3;n se colectaron semillas de Bidens pilosa en cultivos con problemas de control y en sitios en donde no se han aplicado herbicidas. Por lo cual se estableci&#xF3; un bioensayo con la finalidad de evaluar la efectividad biol&#xF3;gica de los herbicidas: HIERBAMINA (2,4-D) y PEAK 57WG (Prosulfuron) en dos biotipos de Bidens pilosa (susceptible y resistente). El dise&#xF1;o experimental utilizado fue completamente al azar. Los tratamientos utilizados fueron: 2,4-D a diferentes dosis: 0, 30, 60, 120, 240, 480, 960, 1920 (g de i.a. ha1) y Prosulfuron a diferentes dosis 0, 1.069, 2.138, 4.275, 8.55, 17.1, 34.2, 68.4 (g de i.a. ha1) con cinco repeticiones cada una de ellas. La variable evaluada fue el peso seco (gramos). Los resultados indican que existe resistencia considerando como resistente cuando el &#xED;ndice de resistencia es igual o superior a 2. El &#xED;ndice de resistencia que se obtuvo para el 2,4-D fue de 2.43, mientras que para el herbicida Prosulfuron fue de 2.40. Con base en los resultados se confirma la resistencia de este biotipo a ambos herbicidas.</subfield>
  </datafield>
  <datafield tag="650" ind1=" " ind2="4">
    <subfield code="a">Bidens pilosa</subfield>
    <subfield code="x">Resistencia a herbicidas</subfield>
    <subfield code="9">191038</subfield>
  </datafield>
  <datafield tag="650" ind1=" " ind2="4">
    <subfield code="a">Herbicidas</subfield>
    <subfield code="x">An&#xE1;lisis</subfield>
    <subfield code="9">132171</subfield>
  </datafield>
  <datafield tag="650" ind1=" " ind2="4">
    <subfield code="a">Malas hierbas</subfield>
    <subfield code="x">Resistencia a herbicidas</subfield>
    <subfield code="9">70035</subfield>
  </datafield>
  <datafield tag="650" ind1=" " ind2="4">
    <subfield code="a">Malas hierbas</subfield>
    <subfield code="x">Control</subfield>
    <subfield code="9">70011</subfield>
  </datafield>
  <datafield tag="700" ind1="1" ind2=" ">
    <subfield code="a">Tafoya Razo, Jos&#xE9; Antonio</subfield>
    <subfield code="9">111341</subfield>
    <subfield code="e">director.</subfield>
  </datafield>
  <datafield tag="700" ind1="1" ind2=" ">
    <subfield code="a">Mondrag&#xF3;n Pedrero, Guillermo</subfield>
    <subfield code="9">77486</subfield>
    <subfield code="e">secretario.</subfield>
  </datafield>
  <datafield tag="700" ind1="1" ind2=" ">
    <subfield code="a">Morales Galv&#xE1;n, Oscar</subfield>
    <subfield code="9">78271</subfield>
    <subfield code="e">vocal.</subfield>
  </datafield>
  <datafield tag="700" ind1="1" ind2=" ">
    <subfield code="a">P&#xE9;rez Valdez, Amalia</subfield>
    <subfield code="9">90074</subfield>
    <subfield code="e">suplente.</subfield>
  </datafield>
  <datafield tag="700" ind1="1" ind2=" ">
    <subfield code="a">Urz&#xFA;a Guti&#xE9;rrez, Jaime Alfredo</subfield>
    <subfield code="9">117018</subfield>
    <subfield code="e">suplente.</subfield>
  </datafield>
  <datafield tag="856" ind1=" " ind2=" ">
    <subfield code="u">http://10.13.5.2/tesis/tl/1312562-3_TORRES_MENDEZ_YAZMIN.pdf</subfield>
    <subfield code="z">DESCARGAR PDF</subfield>
  </datafield>
  <datafield tag="942" ind1=" " ind2=" ">
    <subfield code="2">Clasificaci&#xF3;n Universidad Aut&#xF3;noma Chapingo</subfield>
    <subfield code="c">TD</subfield>
  </datafield>
  <datafield tag="999" ind1=" " ind2=" ">
    <subfield code="c">220777</subfield>
    <subfield code="d">220777</subfield>
  </datafield>
  <datafield tag="952" ind1=" " ind2=" ">
    <subfield code="0">0</subfield>
    <subfield code="1">0</subfield>
    <subfield code="2">local</subfield>
    <subfield code="4">0</subfield>
    <subfield code="5">1</subfield>
    <subfield code="7">0</subfield>
    <subfield code="8">TesDigL</subfield>
    <subfield code="a">BD</subfield>
    <subfield code="b">BD</subfield>
    <subfield code="c">E_L</subfield>
    <subfield code="d">2025-08-06</subfield>
    <subfield code="l">0</subfield>
    <subfield code="o">Tesis digital</subfield>
    <subfield code="r">2025-08-06 12:19:39</subfield>
    <subfield code="w">2025-08-06</subfield>
    <subfield code="y">TD</subfield>
  </datafield>
</record>
